000 00416nam a22001697a 4500
005 20160511151116.0
008 160511b xxu||||| |||| 00| 0 eng d
020 _a978-81272-4790-4
041 _aeng
082 _b1309
100 _aGupta K. Shashi
_9466
245 _aManagement Accounting Principles & Practice
260 _bKalyani Publisher
_c1991
300 _a1300
650 _aManagement
_9241
942 _cBK
999 _c572
_d572